Devine le footballeur a partir des transferts #5 SPECIAL LEGENDES - Statistiques

Statistiques générales
  • Ce quiz a été pris 816 fois
  • Le résultat moyen est 5 sur 8
Statistiques - réponses
Par images Réponse % Correct
Diego Maradona
94%
Ferenc Puskás
89%
Gerd Müller
80%
Iker Casillas
73%
George Weah
66%
Peter Schmeichel
52%
Roberto Baggio
38%
Romário
31%
Aucun quiz correspondant
Distribution des résultats
% des personnes avec chaque résultat
Percentile par nombre de réponses
Votre historique - résultats
Vous n’avez pas pris ce quiz